00622cam a22002053a 45000010005000000030006000050050017000110080041000280400015000690420007000840500007000911000033000982450077001312600029002085060030002375160020002676530060002878300028003478560041003752308PGUSA20140828083013.0000901s2000||||xxu|||||s|||||000 | eng d aPGUSAbeng adc 4aPR1 aWhyte, Alexander,d1836-192110aBunyan Characters (3rd Series)h[electronic resource] /cAlexander Whyte bProject Gutenberg,c2000 aPublic domain in the USA. aElectronic text aBunyan, John, 1628-1688 -- Criticism and interpretation 0aProject Gutenbergv230840uhttp://www.gutenberg.org/ebooks/2308